[Event "SWE-chT 0405"]
[Site "Sweden"]
[Date "2005.??.??"]
[Round "7"]
[White "Sandstrom, Ludvig"]
[Black "Karlsson, Lars"]
[Result "0-1"]
[WhiteElo "2380"]
[BlackElo "2550"]
[PlyCount "56"]
[EventDate "2004.11.05"]
[EventType "team"]
[EventRounds "11"]
[EventCountry "SWE"]
[SourceTitle "EXT 2006"]
[Source "ChessBase"]
[SourceDate "2005.11.24"]
[SourceVersion "1"]
[SourceVersionDate "2005.11.24"]
[SourceQuality "1"]
[WhiteTeam "Passanten"]
[BlackTeam "Stockholm Rockaden"]
[WhiteTeamCountry "SWE"]
[BlackTeamCountry "SWE"]

1. Nf3 b6 2. d4 Bb7 3. c4 e6 4. a3 f5 5. Nc3 Nf6 6. d5 Bd6 7. g3 Na6 8. b4 c6 9. dxe6 dxe6 10. Bg2 Qe7 11. Bb2 0-0 12. 0-0 c5 13. b5 Nb8 14. Qc2 Nbd7 15. a4 Ne5 16. Nd1 Nfg4 17. Ra3 Ng6 18. a5 e5 19. Qc1 e4 20. a6 Bc8 21. Nd2 Be6 22. f3 Nxh2 23. Kxh2 Bxg3+ 24. Kg1 Qh4 25. Rf2 Qh2+ 26. Kf1 Nf4 27. Qc3 Rf6 28. Qe3 Rh6 0-1

[Event "SWE-chT 0405"]
[Site "Sweden"]
[Date "2004.??.??"]
[Round "3"]
[White "Hector, Jonny"]
[Black "Sandstrom, Ludvig"]
[Result "1-0"]
[WhiteElo "2637"]
[BlackElo "2392"]
[PlyCount "59"]
[EventDate "2004.11.05"]
[EventType "team"]
[EventRounds "11"]
[EventCountry "SWE"]
[SourceTitle "EXT 2006"]
[Source "ChessBase"]
[SourceDate "2005.11.24"]
[SourceVersion "1"]
[SourceVersionDate "2005.11.24"]
[SourceQuality "1"]
[WhiteTeam "Limhamn"]
[BlackTeam "Passanten"]
[WhiteTeamCountry "SWE"]
[BlackTeamCountry "SWE"]

1. e4 g6 2. d4 Bg7 3. Nc3 d6 4. f4 Nc6 5. Be3 Nf6 6. h3 e6 7. g4 Ne7 8. Bg2 Rb8 9. Nge2 b6 10. Ng3 Ba6 11. g5 Nd7 12. f5 exf5 13. exf5 Nxf5 14. Nxf5 gxf5 15. Bc6 Bb7 16. Bxb7 Rxb7 17. Qf3 Rb8 18. 0-0-0 0-0 19. Nd5 Qe8 20. Nxc7 Qe4 21. Qxe4 fxe4 22. Bf4 Rfd8 23. Rhe1 Nf8 24. Rxe4 Rb7 25. Re8 Rxe8 26. Nxe8 Ne6 27. Be3 d5 28. Nf6+ Bxf6 29. gxf6 h5 30. Rf1 1-0

[Event "SWE-chT 0304"]
[Site "Sweden"]
[Date "2004.??.??"]
[Round "10"]
[White "Renman, Nils Gustaf"]
[Black "Sandstrom, Ludvig"]
[Result "1-0"]
[WhiteElo "2409"]
[BlackElo "2405"]
[PlyCount "51"]
[EventDate "2003.10.??"]
[EventType "team"]
[EventRounds "11"]
[EventCountry "SWE"]
[SourceTitle "EXT 2005"]
[Source "ChessBase"]
[SourceDate "2004.11.15"]
[SourceVersion "1"]
[SourceVersionDate "2004.11.15"]
[SourceQuality "1"]
[WhiteTeam "Norrkoping Schack 08"]
[BlackTeam "Passanten"]
[WhiteTeamCountry "SWE"]
[BlackTeamCountry "SWE"]

1. d4 Nf6 2. Nf3 g6 3. c4 Bg7 4. Nc3 0-0 5. e4 d6 6. Be2 e5 7. 0-0 Nc6 8. d5 Ne7 9. Ne1 Ne8 10. Nd3 f5 11. Bd2 Kh8 12. a4 Ng8 13. a5 Bh6 14. f4 exf4 15. Nxf4 Qe7 16. Bd3 Bg7 17. exf5 gxf5 18. Qh5 Qf7 19. Qh3 Be5 20. Ne6 Bxe6 21. dxe6 Qxe6 22. Bxf5 Rxf5 23. Qxf5 Qxc4 24. Ra4 Qc5+ 25. Kh1 Ng7 26. Qd3 1-0

[Event "SWE-chT 0405"]
[Site "Sweden"]
[Date "2004.??.??"]
[Round "4"]
[White "Sandstrom, Ludvig"]
[Black "Hjelm, Niclas"]
[Result "1/2-1/2"]
[WhiteElo "2392"]
[BlackElo "2396"]
[PlyCount "27"]
[EventDate "2004.11.05"]
[EventType "team"]
[EventRounds "11"]
[EventCountry "SWE"]
[SourceTitle "EXT 2006"]
[Source "ChessBase"]
[SourceDate "2005.11.24"]
[SourceVersion "1"]
[SourceVersionDate "2005.11.24"]
[SourceQuality "1"]
[WhiteTeam "Passanten"]
[BlackTeam "Farsta"]
[WhiteTeamCountry "SWE"]
[BlackTeamCountry "SWE"]

1. Nf3 d5 2. g3 Nf6 3. Bg2 g6 4. 0-0 Bg7 5. d3 0-0 6. Nbd2 Nc6 7. e4 e5 8. c3 a5 9. a4 h6 10. Re1 Re8 11. Qb3 Be6 12. Qc2 Qd7 13. exd5 Nxd5 14. Nc4 1/2-1/2

[Event "SWE-chT 0405"]
[Site "Sweden"]
[Date "2004.??.??"]
[Round "1"]
[White "Sjodahl, Pontus"]
[Black "Sandstrom, Ludvig"]
[Result "1-0"]
[WhiteElo "2435"]
[BlackElo "2392"]
[PlyCount "147"]
[EventDate "2004.11.05"]
[EventType "team"]
[EventRounds "11"]
[EventCountry "SWE"]
[SourceTitle "EXT 2006"]
[Source "ChessBase"]
[SourceDate "2005.11.24"]
[SourceVersion "1"]
[SourceVersionDate "2005.11.24"]
[SourceQuality "1"]
[WhiteTeam "Astorp"]
[BlackTeam "Passanten"]
[WhiteTeamCountry "SWE"]
[BlackTeamCountry "SWE"]

1. d4 g6 2. e4 Bg7 3. c4 d6 4. Nc3 Nf6 5. f3 0-0 6. Be3 Nbd7 7. Nh3 a6 8. Nf2 c5 9. Be2 cxd4 10. Bxd4 e6 11. 0-0 Qc7 12. Rc1 b6 13. Qd2 Bb7 14. Rfd1 Rfe8 15. Be3 Bf8 16. g4 h5 17. g5 Nh7 18. f4 Rad8 19. Bf3 Qb8 20. Qe2 Bc6 21. a3 Qb7 22. b4 b5 23. a4 Rb8 24. axb5 axb5 25. cxb5 Bxb5 26. Nxb5 Qxb5 27. Qxb5 Rxb5 28. Bd2 Rb7 29. Rc6 Be7 30. h4 Nb8 31. Rc2 Na6 32. Nd3 Nf8 33. Rdc1 Bd8 34. Rc6 Nc7 35. Kg2 Nb5 36. Be3 Nd7 37. Rc8 Kf8 38. f5 e5 39. f6 Nb6 40. R8c6 Nd7 41. Rc8 Bb6 42. Rxe8+ Kxe8 43. Rc8+ Bd8 44. Bd1 Rc7 45. Ra8 Rc3 46. Be2 Rc2 47. Kf3 Nc3 48. Nc1 Nxe2 49. Nxe2 Rb2 50. Ra4 Nb6 51. Bxb6 Bxb6 52. Ra3 Kd7 53. Nc3 Bd4 54. Nb5 Rxb4 55. Nxd4 exd4 56. Ra7+ Kc6 57. Rxf7 d3 58. Ra7 d2 59. Ra1 Kd7 60. Ke3 Ke6 61. Rf1 Kf7 62. Kd3 Ra4 63. Rb1 Rb4 64. Rd1 Rb3+ 65. Kd4 Rh3 66. Rxd2 Rxh4 67. Ra2 Rg4 68. Ra7+ Kf8 69. Kd5 Rxg5+ 70. Kxd6 Rb5 71. e5 Rb6+ 72. Kc5 Rb8 73. e6 g5 74. Rh7 1-0

[Event "SWE-chT 0203"]
[Site "Sweden"]
[Date "2003.03.15"]
[Round "10"]
[White "Sandstrom, Ludvig"]
[Black "Moberg, Karl Johan"]
[Result "1/2-1/2"]
[WhiteElo "2360"]
[BlackElo "2354"]
[PlyCount "83"]
[EventDate "2002.10.11"]
[EventType "team"]
[EventRounds "11"]
[EventCountry "SWE"]
[SourceTitle "EXT 2004"]
[Source "ChessBase"]
[SourceDate "2003.11.25"]
[SourceVersion "1"]
[SourceVersionDate "2003.11.25"]
[SourceQuality "1"]
[WhiteTeam "Passanten"]
[BlackTeam "Manhem"]
[WhiteTeamCountry "SWE"]
[BlackTeamCountry "SWE"]

1. d4 Nf6 2. c4 g6 3. Nc3 d5 4. cxd5 Nxd5 5. e4 Nxc3 6. bxc3 Bg7 7. Bc4 c5 8. Ne2 0-0 9. 0-0 Nc6 10. Be3 Bg4 11. f3 Bd7 12. Rb1 a6 13. d5 Na5 14. Bd3 Rc8 15. c4 b5 16. cxb5 c4 17. Bc2 axb5 18. a4 c3 19. axb5 Nc4 20. Qc1 Qa5 21. Bf2 Bxb5 22. Re1 Nd2 23. Ra1 Qb4 24. Ra7 Ra8 25. Rb7 Rfb8 26. Rxb8+ Rxb8 27. Qd1 Ra8 28. Nc1 Bd4 29. Bxd4 Qxd4+ 30. Kh1 Ra1 31. f4 Qf2 32. Rg1 Bf1 33. f5 Kg7 34. fxg6 hxg6 35. e5 Bc4 36. d6 exd6 37. exd6 Qd4 38. Ne2 Rxd1 39. Nxd4 Rxg1+ 40. Kxg1 Kf8 41. Kf2 Ke8 42. Ne2 1/2-1/2

[Event "SWE-chT 0203"]
[Site "Sweden"]
[Date "2003.03.14"]
[Round "9"]
[White "Olsson, Linus"]
[Black "Sandstrom, Ludvig"]
[Result "1/2-1/2"]
[WhiteElo "2254"]
[BlackElo "2360"]
[PlyCount "73"]
[EventDate "2002.10.11"]
[EventType "team"]
[EventRounds "11"]
[EventCountry "SWE"]
[SourceTitle "EXT 2004"]
[Source "ChessBase"]
[SourceDate "2003.11.25"]
[SourceVersion "1"]
[SourceVersionDate "2003.11.25"]
[SourceQuality "1"]
[WhiteTeam "Lund"]
[BlackTeam "Passanten"]
[WhiteTeamCountry "SWE"]
[BlackTeamCountry "SWE"]

1. d4 Nf6 2. Nf3 g6 3. c4 Bg7 4. Nc3 0-0 5. e4 d6 6. Be2 c5 7. 0-0 Nc6 8. d5 Na5 9. Nd2 a6 10. a4 e6 11. f4 exd5 12. cxd5 Re8 13. Kh1 Rb8 14. Qe1 Bd7 15. Qg3 b5 16. e5 b4 17. Nce4 dxe5 18. Nxf6+ Bxf6 19. Ne4 Bh4 20. Qf3 Bf5 21. Nxc5 e4 22. Qe3 Qxd5 23. Nxa6 Nc4 24. Qb3 Rbc8 25. Nxb4 Qc5 26. Bxc4 Qxc4 27. Qxc4 Rxc4 28. Nd5 e3 29. Nxe3 Rxc1 30. Rfxc1 Rxe3 31. a5 Re2 32. a6 Be4 33. a7 Bxg2+ 34. Kg1 Rxb2 35. a8Q+ Bxa8 36. Rxa8+ Kg7 37. Rf1 1/2-1/2

[Event "Stockholm IM"]
[Site "Stockholm"]
[Date "2002.??.??"]
[Round "3"]
[White "Couso, Luis"]
[Black "Sandstrom, Ludvig"]
[Result "1/2-1/2"]
[WhiteElo "2345"]
[BlackElo "2360"]
[PlyCount "90"]
[EventDate "2002.06.08"]
[EventType "tourn"]
[EventRounds "9"]
[EventCountry "SWE"]
[EventCategory "4"]
[SourceTitle "EXT 2003"]
[Source "ChessBase"]
[SourceDate "2002.11.25"]
[SourceVersion "1"]
[SourceVersionDate "2002.11.25"]
[SourceQuality "1"]

1. e4 g6 2. d4 Bg7 3. Nc3 d6 4. Be3 a6 5. Qd2 b5 6. f3 Nd7 7. Nge2 Bb7 8. g4 h5 9. g5 e6 10. Bg2 Ne7 11. 0-0 c5 12. Rad1 Qc7 13. dxc5 dxc5 14. Qd6 Qxd6 15. Rxd6 Nc8 16. Rd2 Ncb6 17. b3 0-0-0 18. f4 Rhe8 19. a4 b4 20. Na2 Bf8 21. c3 bxc3 22. Naxc3 Nb8 23. Rxd8+ Rxd8 24. f5 exf5 25. exf5 Bxg2 26. Kxg2 N6d7 27. fxg6 fxg6 28. Nf4 Re8 29. Ncd5 Ne5 30. Rc1 Nbd7 31. b4 c4 32. Bd4 Kb7 33. Re1 Bg7 34. Bc3 Rf8 35. Ne6 Rf5 36. Ne3 Nd3 37. Nxg7 Nxe1+ 38. Bxe1 Re5 39. Kf2 Re7 40. Bc3 Nb6 41. a5 Na4 42. Bf6 Re4 43. Kf3 Rh4 44. Kg3 Re4 45. Kf3 Rh4 1/2-1/2

[Event "Stockholm IM"]
[Site "Stockholm"]
[Date "2002.??.??"]
[Round "2"]
[White "Sandstrom, Ludvig"]
[Black "Furhoff, Johan"]
[Result "1-0"]
[WhiteElo "2360"]
[BlackElo "2309"]
[PlyCount "65"]
[EventDate "2002.06.08"]
[EventType "tourn"]
[EventRounds "9"]
[EventCountry "SWE"]
[EventCategory "4"]
[SourceTitle "EXT 2003"]
[Source "ChessBase"]
[SourceDate "2002.11.25"]
[SourceVersion "1"]
[SourceVersionDate "2002.11.25"]
[SourceQuality "1"]

1. d4 d5 2. Nf3 Nf6 3. c4 c6 4. Qc2 g6 5. Bf4 dxc4 6. Qxc4 Bg7 7. Nc3 b5 8. Qd3 b4 9. Na4 Qa5 10. Nc5 Nbd7 11. Nb3 Qd5 12. e3 a5 13. Qc2 a4 14. Nbd2 c5 15. Bc4 Qh5 16. Ng5 0-0 17. Be2 Ng4 18. h3 Ndf6 19. Rh2 Nxh2 20. Bxh5 Nxh5 21. Bxh2 cxd4 22. exd4 Bxd4 23. Qe4 Bxb2 24. Qxa8 Bxa1 25. Qxa4 Nf6 26. Qxb4 h6 27. Ngf3 Nd5 28. Qa5 Bb7 29. Be5 Rc8 30. Nb3 Bc3+ 31. Bxc3 Rxc3 32. Qb5 Bc6 33. Qb8+ 1-0

[Event "SWE-chT 9900"]
[Site "Sweden"]
[Date "2000.??.??"]
[Round "11"]
[White "Sandstrom, Ludvig"]
[Black "Friberg, Hans"]
[Result "0-1"]
[WhiteElo "2360"]
[BlackElo "2265"]
[PlyCount "114"]
[EventDate "1999.11.??"]
[EventType "team"]
[EventRounds "11"]
[EventCountry "SWE"]
[SourceTitle "EXT 2002"]
[Source "ChessBase"]
[SourceDate "2001.11.25"]
[SourceVersion "1"]
[SourceVersionDate "2001.11.25"]
[SourceQuality "1"]

1. d4 d5 2. Nf3 e6 3. c4 c5 4. cxd5 exd5 5. g3 Nc6 6. Bg2 Nf6 7. 0-0 Be7 8. Nc3 0-0 9. dxc5 d4 10. Na4 Bf5 11. Bf4 Be4 12. Rc1 Qd5 13. a3 Rad8 14. b4 Rfe8 15. Nb2 Qh5 16. Nd3 a6 17. Bd2 Nd5 18. Re1 Bf6 19. Nf4 Nxf4 20. Bxf4 g5 21. Bd6 g4 22. Nd2 Bxg2 23. Kxg2 Qh3+ 24. Kg1 Bg5 25. Rc4 b5 26. Rc1 Qh6 27. Bf4 Bxf4 28. gxf4 Qxf4 29. Nf1 d3 30. e3 Qf5 31. Nd2 Ne5 32. e4 Qf4 33. Kh1 Re6 34. Rg1 Rh6 35. Rg3 Kf8 36. Qe1 Rf6 37. Kg1 h5 38. Qe3 Nc4 39. Qxf4 Rxf4 40. Rd1 h4 41. Rg2 Nxd2 42. Rxd2 Rxe4 43. f3 gxf3 44. Rgf2 Re1+ 45. Rf1 Re2 46. Rfd1 h3 47. Kf1 Rde8 48. c6 Rc8 49. Rxd3 Rxc6 50. R3d2 Rg2 51. Rf2 Rc3 52. Ra1 Rc2 53. Rxc2 Rxc2 54. Kg1 Kg7 55. a4 Rg2+ 56. Kf1 Rxh2 57. Ra3 Rb2 0-1

[Event "SWE-chT 9900"]
[Site "Sweden"]
[Date "2000.??.??"]
[Round "7"]
[White "Von Bahr, Oskar"]
[Black "Sandstrom, Ludvig"]
[Result "1-0"]
[WhiteElo "2240"]
[BlackElo "2360"]
[PlyCount "79"]
[EventDate "1999.11.??"]
[EventType "team"]
[EventRounds "11"]
[EventCountry "SWE"]
[SourceTitle "EXT 2002"]
[Source "ChessBase"]
[SourceDate "2001.11.25"]
[SourceVersion "1"]
[SourceVersionDate "2001.11.25"]
[SourceQuality "1"]

1. e4 c5 2. Nf3 Nc6 3. d4 cxd4 4. Nxd4 Nf6 5. Nc3 d6 6. Bc4 Qb6 7. Nb3 e6 8. Bf4 Ne5 9. Be2 a6 10. Be3 Qc7 11. f4 Nc4 12. Bxc4 Qxc4 13. Qf3 Bd7 14. 0-0-0 Qc7 15. g4 Bc6 16. Nd4 b5 17. Nxc6 Qxc6 18. Bd4 b4 19. Bxf6 gxf6 20. Ne2 Rc8 21. Rd2 h5 22. gxh5 f5 23. Ng3 fxe4 24. Nxe4 f5 25. Re1 fxe4 26. Rxe4 Kd7 27. Rde2 Rg8 28. Qf2 e5 29. fxe5 Bh6+ 30. Kb1 Rgf8 31. Qg2 d5 32. Rxb4 Ke7 33. a3 Rf5 34. Qh3 Rcf8 35. Qh4+ Bg5 36. Qd4 a5 37. Qa7+ Ke8 38. Qxa5 Bd8 39. Qb5 Qxb5 40. Rxb5 1-0

[Event "Salongernas IM"]
[Site "Stockholm"]
[Date "1999.06.09"]
[Round "5"]
[White "Lyrberg, Patrik"]
[Black "Sandstrom, Ludvig"]
[Result "1/2-1/2"]
[WhiteElo "2409"]
[BlackElo "2356"]
[PlyCount "34"]
[EventDate "1999.06.??"]
[EventType "tourn"]
[EventRounds "9"]
[EventCountry "SWE"]
[EventCategory "5"]
[SourceTitle "CBM 070 Extra"]
[Source "ChessBase"]
[SourceDate "1999.07.10"]
[SourceVersion "1"]
[SourceVersionDate "1999.07.10"]
[SourceQuality "1"]

1. d4 Nf6 2. c4 g6 3. Nc3 Bg7 4. e4 d6 5. Nf3 0-0 6. Be2 e5 7. d5 Na6 8. Bd2 Nc5 9. Qb1 a5 10. 0-0 Nh5 11. Bd1 Bd7 12. Kh1 Nf4 13. Ng1 c6 14. Nge2 Qh4 15. Ng1 Qd8 16. Nge2 Qh4 17. Ng1 Qd8 1/2-1/2

[Event "Rilton Cup 28th"]
[Site "Stockholm"]
[Date "1999.01.02"]
[Round "5"]
[White "Bellon Lopez, Juan Manuel"]
[Black "Sandstrom, Ludvig"]
[Result "1-0"]
[WhiteElo "2490"]
[BlackElo "2305"]
[PlyCount "79"]
[EventDate "1998.12.28"]
[EventType "swiss"]
[EventRounds "9"]
[EventCountry "SWE"]
[SourceTitle "CBM 068 Extra"]
[Source "ChessBase"]
[SourceDate "1999.03.01"]
[SourceVersion "1"]
[SourceVersionDate "1999.03.01"]
[SourceQuality "1"]

1. d4 Nf6 2. Bg5 Ne4 3. Bh4 c5 4. f3 g5 5. fxe4 gxh4 6. e3 Bh6 7. d5 d6 8. Nd2 Nd7 9. Qh5 Bxe3 10. Ngf3 Nf6 11. Qxh4 Ng4 12. Bb5+ Kf8 13. Rf1 h5 14. Bd3 Bh6 15. Ng5 f6 16. Qxh5 Ne5 17. Nc4 Bg7 18. Qe2 Nxc4 19. Bxc4 Rxh2 20. Nf3 Bg4 21. 0-0-0 Qe8 22. Kb1 Qh5 23. a4 a6 24. a5 Rb8 25. e5 Bxf3 26. Rxf3 Qxe5 27. Re3 Qh5 28. Qxh5 Rxh5 29. Rb3 Rg5 30. Bxa6 Ra8 31. Bxb7 Rxa5 32. Bc6 f5 33. Rf1 Bf6 34. Bd7 Rxg2 35. Bxf5 Ra4 36. Rb8+ Kg7 37. Be6 Rag4 38. Rg8+ Kh6 39. Rxg4 Rxg4 40. Bxg4 1-0

[Event "SWE-chT 9900"]
[Site "Sweden"]
[Date "1999.??.??"]
[Round "3"]
[White "Hermansson, Emil"]
[Black "Sandstrom, Ludvig"]
[Result "1-0"]
[WhiteElo "2314"]
[BlackElo "2360"]
[PlyCount "115"]
[EventDate "1999.11.??"]
[EventType "team"]
[EventRounds "11"]
[EventCountry "SWE"]
[SourceTitle "EXT 2002"]
[Source "ChessBase"]
[SourceDate "2001.11.25"]
[SourceVersion "1"]
[SourceVersionDate "2001.11.25"]
[SourceQuality "1"]

1. e4 Nf6 2. e5 Nd5 3. d4 d6 4. Nf3 dxe5 5. Nxe5 g6 6. Bc4 c6 7. Nd2 Bg7 8. Ndf3 0-0 9. 0-0 Bf5 10. Re1 Nd7 11. Nd3 a5 12. a4 N7f6 13. Bg5 Qc7 14. Qe2 Bxd3 15. Qxd3 Rad8 16. Bb3 Rfe8 17. Rad1 Rc8 18. Ne5 Rf8 19. Qd2 Rcd8 20. Bh6 e6 21. g3 c5 22. Bxg7 Kxg7 23. dxc5 Qxc5 24. Nc4 Nb4 25. Qc3 Nc6 26. Qf3 Rxd1 27. Rxd1 Rd8 28. Rxd8 Nxd8 29. Qd3 Nc6 30. c3 Qh5 31. Bd1 Qg5 32. Bf3 Qc5 33. h3 Nd5 34. Kg2 h6 35. Qe2 Nde7 36. Qe4 e5 37. Ne3 f5 38. Qc4 Qxc4 39. Nxc4 e4 40. Be2 Kf6 41. Nd6 Ke5 42. Nxb7 g5 43. Nc5 Kd5 44. Nd7 Kd6 45. Nb6 Kc5 46. Nd7+ Kd6 47. Nf8 Nd5 48. Ng6 Kc5 49. f4 gxf4 50. Nxf4 Ne3+ 51. Kf2 Nc4 52. Ne6+ Kd5 53. Nc7+ Kc5 54. b4+ axb4 55. Na6+ Kd5 56. Nxb4+ Nxb4 57. cxb4 Ne5 58. a5 1-0

[Event "SWE-chT 9899"]
[Site "Sweden"]
[Date "1998.10.17"]
[Round "2"]
[White "Sandstrom, Ludvig"]
[Black "Thornert, Hakan"]
[Result "0-1"]
[WhiteElo "2305"]
[BlackElo "2205"]
[PlyCount "71"]
[EventDate "1998.??.??"]
[EventType "team"]
[EventRounds "11"]
[EventCountry "SWE"]
[SourceTitle "EXT 2000"]
[Source "ChessBase"]
[SourceDate "1999.11.16"]
[SourceVersion "1"]
[SourceVersionDate "1999.11.16"]
[SourceQuality "1"]

1. d4 Nf6 2. Nf3 g6 3. c4 Bg7 4. Nc3 0-0 5. e4 d6 6. Be2 e5 7. 0-0 Nc6 8. d5 Ne7 9. Bg5 Nd7 10. Nd2 f5 11. f3 f4 12. Bh4 Rf7 13. b4 Bf8 14. c5 g5 15. Bf2 Nf6 16. cxd6 cxd6 17. Nc4 Ng6 18. a4 Rg7 19. Kh1 h5 20. Nb5 g4 21. Nxa7 g3 22. Bb6 Qd7 23. Nxc8 Rxc8 24. Rc1 Nh4 25. h3 Nh7 26. Ba5 Ng5 27. Nb6 Rxc1 28. Qxc1 Qf7 29. Qc8 Qg6 30. Kg1 Rf7 31. Nc4 Rg7 32. b5 Ngxf3+ 33. Bxf3 Nxf3+ 34. gxf3 g2 35. Rc1 Qg3 36. Nd2 0-1

[Event "Politiken Cup 20th"]
[Site "Copenhagen"]
[Date "1998.07.10"]
[Round "7"]
[White "Sandstrom, Ludvig"]
[Black "Zagorskis, Darius"]
[Result "1/2-1/2"]
[WhiteElo "2325"]
[BlackElo "2515"]
[PlyCount "109"]
[EventDate "1998.07.04"]
[EventType "swiss"]
[EventRounds "11"]
[EventCountry "DEN"]
[SourceTitle "CBM 065 Extra"]
[Source "ChessBase"]
[SourceDate "1998.09.09"]
[SourceVersion "1"]
[SourceVersionDate "1998.09.09"]
[SourceQuality "1"]

1. d4 g6 2. c4 Bg7 3. e4 d6 4. Nc3 e5 5. Nf3 exd4 6. Nxd4 Nc6 7. Be3 Nge7 8. Be2 0-0 9. 0-0 f5 10. Nxc6 bxc6 11. Bd4 Bxd4 12. Qxd4 c5 13. Qd3 fxe4 14. Qxe4 Rb8 15. b3 Bb7 16. Qe6+ Kg7 17. Bd3 Nc6 18. Rae1 Rf7 19. Qh3 Nd4 20. Be4 Bxe4 21. Rxe4 Qg5 22. f4 Rbf8 23. Qe3 Qd8 24. Ne2 Nc6 25. Rf3 Qd7 26. h3 Kg8 27. Kh2 Re7 28. Rxe7 Nxe7 29. Qe4 Nf5 30. Ng3 Nd4 31. Rf2 c6 32. Qd3 a5 33. Qc3 Qd8 34. Ne4 Qe7 35. Ng3 Qd8 36. Ne4 Re8 37. Ng3 Qc7 38. f5 Rf8 39. f6 Qd8 40. Ne4 d5 41. cxd5 cxd5 42. Nxc5 Qc7+ 43. g3 Nf5 44. Ne4 Qb6 45. Qc5 Qe6 46. Nc3 Qxf6 47. Qxd5+ Kg7 48. Ne4 Qe7 49. Nc5 Re8 50. Qd7 Qxd7 51. Nxd7 h5 52. g4 hxg4 53. hxg4 Nh6 54. Kg3 g5 55. Rf3 1/2-1/2

[Event "Stockholm Elo"]
[Site "Stockholm"]
[Date "1998.06.11"]
[Round "6"]
[White "Sandstrom, Ludvig"]
[Black "Gamback, Bjorn"]
[Result "1-0"]
[WhiteElo "2325"]
[BlackElo "2240"]
[PlyCount "57"]
[EventDate "1998.06.06"]
[EventType "tourn"]
[EventRounds "9"]
[EventCountry "SWE"]
[SourceTitle "CBM 065 Extra"]
[Source "ChessBase"]
[SourceDate "1998.09.09"]
[SourceVersion "1"]
[SourceVersionDate "1998.09.09"]
[SourceQuality "1"]

1. Nf3 c5 2. c4 Nc6 3. d4 cxd4 4. Nxd4 g6 5. e4 Bg7 6. Nc2 d6 7. Be2 Be6 8. 0-0 Nf6 9. Nc3 0-0 10. Kh1 Rc8 11. Bg5 Qa5 12. Bd2 Qc7 13. Rc1 b6 14. f3 Qb7 15. b3 a6 16. Qe1 Nd7 17. f4 Nf6 18. Qh4 Bd7 19. Bf3 e5 20. f5 h5 21. Nd5 Nxd5 22. exd5 Nd8 23. f6 Bh8 24. Bxh5 b5 25. Qg5 Be8 26. Ne3 bxc4 27. Nf5 Rc7 28. Ne7+ Kh7 29. Qh6# 1-0

[Event "SWE-ch"]
[Site "Haninge"]
[Date "1997.??.??"]
[Round "6"]
[White "Engqvist, Thomas"]
[Black "Sandstrom, Ludvig"]
[Result "1-0"]
[WhiteElo "2345"]
[BlackElo "2345"]
[PlyCount "159"]
[EventDate "1997.??.??"]
[EventType "tourn"]
[EventRounds "13"]
[EventCountry "SWE"]
[EventCategory "6"]
[SourceTitle "EXT 1998"]
[Source "ChessBase"]
[SourceDate "1997.11.17"]
[SourceVersion "1"]
[SourceVersionDate "1997.11.17"]
[SourceQuality "1"]

1. Nf3 Nf6 2. c4 g6 3. d4 Bg7 4. g3 0-0 5. Bg2 c5 6. 0-0 Nc6 7. Nc3 d6 8. dxc5 dxc5 9. Bf4 Be6 10. Ne5 Na5 11. Qa4 Nd7 12. Nxd7 Bxd7 13. Qc2 Nc6 14. Rad1 Nd4 15. Qc1 Qc8 16. Rfe1 Re8 17. Nd5 Ne6 18. Bh3 f5 19. Bh6 Bh8 20. Bd2 Nd4 21. Bg5 Kf7 22. Bg2 e6 23. e3 Nc6 24. Nc3 Ne5 25. b3 a6 26. e4 Kg8 27. Bf4 Nf7 28. exf5 gxf5 29. Na4 Bxa4 30. bxa4 Bd4 31. Qb1 Re7 32. Be3 Qd7 33. Qc2 Rd8 34. h3 Kh8 35. Kh2 e5 36. Bd5 b5 37. axb5 axb5 38. Bxd4 cxd4 39. Bxf7 Rxf7 40. Rxe5 bxc4 41. Qxc4 f4 42. g4 f3 43. Re4 Qd6+ 44. Kg1 Rfd7 45. Rexd4 Qxd4 46. Rxd4 Rxd4 47. Qc3 Kg8 48. Qxf3 Rd2 49. Qb3+ Kg7 50. Qc3+ Kg6 51. Qc6+ R8d6 52. Qe4+ Kg7 53. Qe5+ Kf7 54. Qe4 Kg7 55. Qe7+ Kg8 56. a4 Rd7 57. Qe8+ Kg7 58. Qe5+ Kg8 59. a5 R2d5 60. Qe6+ Kf8 61. a6 Rd1+ 62. Kg2 Rc7 63. Qe5 Rdd7 64. Qh8+ Ke7 65. Qxh7+ Kd6 66. Qe4 Re7 67. Qd4+ Ke6 68. h4 Kf7 69. h5 Kg8 70. Qd8+ Kh7 71. Kg3 Kg7 72. Kh4 Kh7 73. f4 Rf7 74. Qd4 Rcd7 75. Qe4+ Kg7 76. g5 Rfe7 77. h6+ Kg8 78. Qa8+ Kh7 79. Kh5 Re6 80. f5 1-0